2021 AFL Premiership Team - Statistics

General Stats
  • This quiz has been taken 138 times
  • The average score is 19 of 24
Answer Stats
Hint Answer % Correct
Centre Christian Petracca
100%
Ruck Max Gawn
100%
Ruck Rover Clayton Oliver
99%
Premiership Team Melbourne
98%
Interchange Kysaiah Pickett
96%
Full Back Steven May
96%
Coach Simon Goodwin
95%
Full Forward Ben Brown
94%
Rover Jack Viney
94%
Back Pocket Jake Lever
93%
Centre Half Forward Tom McDonald
89%
Wing Ed Langdon
84%
Forward Pocket Bayley Fritsch
80%
Half Back Flank Christian Salem
75%
Wing Angus Brayshaw
72%
Forward Pocket Charlie Spargo
72%
Interchange Luke Jackson
69%
Interchange Jake Bowey
64%
Centre Half Back Harrison Petty
63%
Half Back Flank Trent Rivers
59%
Interchange James Harmes
57%
Half Forward Flank Alex Neal-Bullen
55%
Back Pocket Michael Hibberd
52%
Half Forward Flank Tom Sparrow
49%
No matching quizzes found
Score Distribution
Percent of People with Each Score
Percentile by Number Answered
Your Score History
You have not taken this quiz